000 00329nam a2200133Ia 4500
008 240624s9999 xx 000 0 und d
041 _aeng
082 _a006.7 ABB
100 _aABBADI IMAD M
245 _aCLOUD MANAGEMENT AND SECURITY
260 _c2015
_aNew Delhi
_bWiley
300 _a2016 : p. : cm. ; 28
365 _cRS
_b33
999 _c26478
_d26478